Catalog

Record Details

Catalog Search



Sasquatch in the paint #1 / Kareem Abdul-Jabbar ... Read More

Record details

  • ISBN: 9781423178705 (hardback)
  • ISBN: 142317870X (hardback)
  • Physical Description: 265 pages ; 22 cm
  • Edition: First edition.
  • Publisher: New York : Disney-Hyperion Books, 2013

Content descriptions

Summary, etc.:
Eighth-grader Theo Rollins' growth spurt has Coach ... Read More
Subject: Middle schools > Juvenile fiction.
Schools > Juvenile fiction.
Basketball stories
Science clubs > Juvenile fiction.
Interpersonal relations > Juvenile fiction.
African Americans > Juvenile fiction.
Jews > United States > Juvenile fiction.
Detective and mystery stories.
Middle schools > Fiction.
Schools > Fiction.
Basketball > Fiction.
Science clubs > Fiction.
Interpersonal relations > Fiction.
African Americans > Fiction.
Jews > United States > Fiction.
Mystery and detective stories.
JUVENILE FICTION / Sports & Recreation / Basketball.
JUVENILE FICTION / Mysteries & Detective Stories.
JUVENILE FICTION / Social Issues / Friendship.
LDR 02656cam a2200625 i 4500
001157344
003LARL_NWRL_CONSORTIUM
00520131003100408.0
008130313s2013 nyu c 000 1 eng
019 . ‡a828494977 ‡a858532124
020 . ‡a9781423178705 (hardback)
020 . ‡a142317870X (hardback)
035 . ‡a(OCoLC)828486826 ‡z(OCoLC)828494977 ‡z(OCoLC)858532124
043 . ‡an-us---
08200. ‡a[Fic] ‡223
084 . ‡aJUV032020 ‡aJUV028000 ‡aJUV039060 ‡2bisacsh
1001 . ‡aAbdul-Jabbar, Kareem, ‡d1947- ‡0(LARL_NWRL_CONSORTIUM)49613
24510. ‡aSasquatch in the paint ‡n#1 / ‡cKareem Abdul-Jabbar and Raymond Obstfeld.
250 . ‡aFirst edition.
260 . ‡aNew York : ‡bDisney-Hyperion Books, ‡c2013
300 . ‡a265 pages ; ‡c22 cm
336 . ‡atext ‡2rdacontent
337 . ‡aunmediated ‡2rdamedia
338 . ‡avolume ‡2rdacarrier
4900 . ‡aStreetball crew ; ‡v1
520 . ‡aEighth-grader Theo Rollins' growth spurt has Coach Mandrake trying to transform him into a basketball star, but training time is hurting the science club's chances of winning the "Aca-lympics," and being accused of stealing could mean Theo is off both teams.
650 0. ‡aMiddle schools ‡vJuvenile fiction. ‡0(LARL_NWRL_CONSORTIUM)173367
650 0. ‡aSchools ‡vJuvenile fiction. ‡0(LARL_NWRL_CONSORTIUM)167227
650 0. ‡aBasketball stories ‡0(LARL_NWRL_CONSORTIUM)14717
650 0. ‡aScience clubs ‡vJuvenile fiction.
650 0. ‡aInterpersonal relations ‡vJuvenile fiction. ‡0(LARL_NWRL_CONSORTIUM)165337
650 0. ‡aAfrican Americans ‡vJuvenile fiction. ‡0(LARL_NWRL_CONSORTIUM)163089
650 0. ‡aJews ‡zUnited States ‡vJuvenile fiction. ‡0(LARL_NWRL_CONSORTIUM)169779
650 0. ‡aDetective and mystery stories. ‡0(LARL_NWRL_CONSORTIUM)18458
650 1. ‡aMiddle schools ‡vFiction.
650 1. ‡aSchools ‡vFiction. ‡0(LARL_NWRL_CONSORTIUM)167222
650 1. ‡aBasketball ‡vFiction. ‡0(LARL_NWRL_CONSORTIUM)175886
650 1. ‡aScience clubs ‡vFiction.
650 1. ‡aInterpersonal relations ‡vFiction. ‡0(LARL_NWRL_CONSORTIUM)165331
650 1. ‡aAfrican Americans ‡vFiction. ‡0(LARL_NWRL_CONSORTIUM)163084
650 1. ‡aJews ‡zUnited States ‡vFiction. ‡0(LARL_NWRL_CONSORTIUM)165765
650 1. ‡aMystery and detective stories. ‡0(LARL_NWRL_CONSORTIUM)176113
650 7. ‡aJUVENILE FICTION / Sports & Recreation / Basketball. ‡2bisacsh
650 7. ‡aJUVENILE FICTION / Mysteries & Detective Stories. ‡2bisacsh
650 7. ‡aJUVENILE FICTION / Social Issues / Friendship. ‡2bisacsh
7001 . ‡aObstfeld, Raymond, ‡d1952- ‡0(LARL_NWRL_CONSORTIUM)95721
901 . ‡a157344 ‡bOCLC ‡c157344 ‡tbiblio

Additional Resources